00757 a2200169 45000010006000000050017000060080041000230030015000640400040000790800064001192450026001832500011002092640032002203000019002525050290002711000026005613148120260407155619.0260407a1946 arg spa dAR-UNSa-BCEJYS aAR-UNSa-BCEJYSbspacAR-UNSa-BCEJYS a658xAdministración de empresas. Organización comercial10aDe técnica contable a3a. ed 1aBarcelona :bJuventudc1946 a304 p.c22 cm. a1. Organización de empresas - 2. De organización contable - 3. Contabilizaciones especiales - 4. Amortizaciones - 5. Inventarios y balances - 6. De contabilidad industrial - 7. De contabilidad de sociedades - 8. Cuestiones de cálculo comercial - 9. Estudios jurídico contables.1 aBoter Mauri, Fernando